Klinische und anatomische Beiträge zur Frage der genuinen Epilepsie

Elmentve itt :
Bibliográfiai részletek
Szerző: Meduna László
Dokumentumtípus: Cikk
Megjelent: 1931
Sorozat:Kolligátum
Kulcsszavak:Szkizofrénia, Neuropszichológia
Online Access:http://misc.bibl.u-szeged.hu/25685
LEADER 00582nab a2200169 i 4500
001 misc25685
005 20191108150347.0
008 171130s1931 hu o 0|| zxx d
040 |a SZTE Miscellanea Repozitórium  |b hun 
041 |a zxx 
100 1 |a Meduna László 
245 1 0 |a Klinische und anatomische Beiträge zur Frage der genuinen Epilepsie  |h [elektronikus dokumentum] /  |c  Meduna László 
260 |c 1931 
300 |a 17-42 
490 0 |a Kolligátum 
695 |a Szkizofrénia, Neuropszichológia 
856 4 0 |u http://misc.bibl.u-szeged.hu/25685/1/017_022_017-042.pdf  |z Dokumentum-elérés